=LDR 00000nam 2200000 4500 =001 INLIS000000000002184 =005 20130612090536 =008 ***********************************Ind** =035 ##$$0010-061300000002184 =041 ##$$a Ind =082 ##$$a 959.8 =090 ##$$a 959.8, Soe =100 ##$$a Soe,Hok Gie =245 ##$$a Orang-orang di persimpangan kiri jalan, kisah pemberontakan Madiun September 1948, Soe Hok Gie =260 ##$$a 1997 $b Yogyakarta =300 ##$$a xix,312 hlm, 21 cm =650 ##$$a Indonesia =650 ##$$a Sejarah =850 ##$$a NBPNMAT